000 00271nam a2200109Ia 4500
008 220216s9999 xx 000 0 und d
100 _aMohanachandran Nair S.
245 0 _aRubber thadi samskaranavum upabogavum
260 _bRubber
_c2009
300 _a13-15
942 _cJS
999 _c68036
_d68036